Child language disability

Αποθηκεύτηκε σε:
Λεπτομέρειες βιβλιογραφικής εγγραφής
Άλλοι συγγραφείς: Mogford-Bevan, Kay (Επιμελητής έκδοσης), Sadler, Jane (Επιμελητής έκδοσης)
Μορφή: Βιβλίο
Γλώσσα:English
Δημοσίευση: Clevedon : Multilingual Matters, 1991-1993
Σειρά:Multilingual matters (Series)
Θέματα:
Ετικέτες: Προσθήκη ετικέτας
Δεν υπάρχουν, Καταχωρήστε ετικέτα πρώτοι!

MARC

LEADER 00000nam a2200000 i 4500
001 1/91667
008 991029m19911993 eng d
020 |a 1-85359-127-0 (v.1) 
020 |a 1-85359-168-8 (v.2) 
035 |l 10053705 
040 |a GR-MY-UA  |b gre  |e aacr 
041 0 |a eng 
082 0 |a 618.92855 
245 1 0 |a Child language disability /  |c edited by Kay Mogford-Bevan, Jane Sadler 
260 |a Clevedon :   |b Multilingual Matters,   |c 1991-1993 
300 |a 2 v. 
490 1 |a Multilingual matters (Series) 
505 0 |a v.1: Implications in an educational setting - v.2: Semantic and pragmatic difficulties. - v.3: Hearing impairmentger 
650 0 0 |a Language disorders in children. 
700 1 |a Mogford-Bevan, Kay.  |4 edt 
700 1 |a Sadler, Jane.  |4 edt 
830 0 |a Multilingual matters (Series) 
852 |a INST  |b RHODES  |e 19991029  |h 618.92855 CHI  |p 005400011928  |q 005400011928  |t BK  |y 0  |z v.1 
852 |a INST  |b RHODES  |e 19991123  |h 618.92855 CHI  |p 005400011931  |q 005400011931  |t BK  |y 0  |z v.3 
852 |a INST  |b RHODES  |e 19991029  |h 618.92855 CHI  |p 005400011928  |q 005400011928  |t BK  |v v.1:  |y 0  |z v.1 
852 |a INST  |b RHODES  |e 19991123  |h 618.92855 CHI  |p 005400011931  |q 005400011931  |t BK  |v v.3:  |y 0  |z v.3 
853 |a INST  |b RHODES  |h 618.92855 CHI 
901 |a BIBL4-1999-3 
909 |a Ρ  |b 068201 
909 |a Ρ  |b 068202 
922 |a 4ΕΛΗ  |b 199908  |c ΚΠΣ/154  |d GLORY BOOKS 
970 |a ΚΟΥΛΑΚΙΟΤΗ  |b ΛΙΤΣΑ  |z 1999/10/29